| 000 | 003610000a22001450004500 | ||
|---|---|---|---|
| 003 | MACL | ||
| 040 | _aMACL | ||
| 090 |
_c2977 _d2977 |
||
| 100 | _aRothermund , Dietmar | ||
| 245 |
_aAn Economic History Of India _bFrom PreC̜olonial Times To 1986 |
||
| 260 |
_aNew Delhi _bManohar Publications _c1989 |
||
| 350 | _a250 | ||
| 650 | _aEconomics | ||
| 942 |
_cBOOK _k330 |
||
| 999 |
_c2955 _d2955 |
||